000 00681nam a2200241Ia 4500
003 OSt
005 20220924125316.0
006 a|||||r|||| 00| 0
007 ta
008 220923b |||||||| |||| 00| 0 tel d
024 _a339519
037 _cTextual
040 _aARTS
_cARTS
_btel
041 _2tel
_atel
082 _a035,2M91,2, J1
100 _aSubramanya shastri Shri padha Au.
245 0 _aNigalabhandanam
260 _aRajamahendravaramau
_bAddepally and Co India
_c1951
300 _a106p.
_ccm.
650 _aTELUGU LITERATURE
942 _h035,2M91,2, J1
_cTEXL
_2CC
999 _c422382
_d422382